000 00920cam a2200205 4500
001 x114834
008 010926n2001 000 0 eng u
035 _a(Sirsi) u114834
245 _aBasildon DC v SoS Environment
260 _c2001
490 _aProperty, Planning and Compensation Reports
_v[2001] P&CR 1184-1195(12)
520 _aQBD 21 December 2000. Applications for planning permission to locate caravans in Green Belt. Applicants were gypsies. Need for stable base to enable children to receive education. Whether personal circumstances could amount to material consideration. Weight to be attached to personal circumstances. (Taken from Headnote)
650 _aBASILDON DC V SOS ENVIRONMENT
650 _aPLANNING PERMISSION
650 _aCARAVANS
650 _aGYPSIES
650 _aPERSONAL CIRCUMSTANCES
690 _aENVIRONMENTAL AND LAND CONSULTANCY-PLANNING AND DEVELOPMENT
942 _n0
999 _c68365
_d68365